Management accounting in less developed countries

Bibliographic Details
Corporate Author: ProQuest (Firm)
Other Authors: Alawattage, Chandana., Hopper, Trevor., Wickramasinghe, Danture.
Format: Electronic eBook
Language:English
Published: Bradford, England : Emerald Group Publishing, c2007.
Series:Journal of accounting and organizational change ; 3, no. 3
Subjects:
Online Access:Click to View
LEADER 01344nam a2200337Ia 4500
001 EBC320636
003 MiAaPQ
005 20200520144314.0
006 m o d |
007 cr cn|||||||||
008 000815s2007 enk s 000 0 eng d
020 |z 9781846636189 
035 |a (MiAaPQ)EBC320636 
035 |a (Au-PeEL)EBL320636 
035 |a (CaPaEBR)ebr10196405 
035 |a (OCoLC)935265952 
040 |a MiAaPQ  |c MiAaPQ  |d MiAaPQ 
050 4 |a HF5657.4  |b .M36 2007 
245 0 0 |a Management accounting in less developed countries  |h [electronic resource] /  |c guest editors: Chandana Alawattage, Trevor Hopper and Danture Wickramasinghe. 
260 |a Bradford, England :  |b Emerald Group Publishing,  |c c2007. 
300 |a 170 p. 
490 0 |a Journal of accounting and organizational change ;  |v 3, no. 3 
533 |a Electronic reproduction. Ann Arbor, MI : ProQuest, 2015. Available via World Wide Web. Access may be limited to ProQuest affiliated libraries. 
650 0 |a Managerial accounting  |z Developing countries. 
650 0 |a Accounting  |z Developing countries. 
655 4 |a Electronic books. 
700 1 |a Alawattage, Chandana. 
700 1 |a Hopper, Trevor. 
700 1 |a Wickramasinghe, Danture. 
710 2 |a ProQuest (Firm) 
856 4 0 |u https://ebookcentral.proquest.com/lib/matrademy/detail.action?docID=320636  |z Click to View